| 000 | 00000nas 2200000za 4500 |
| 001 | 9.500115 |
| 003 | CaOODSP |
| 005 | 20200813121810 |
| 007 | cr ||||||||||| |
| 008 | 150406c1999||||xxc|| p o||||f| |0eng|d |
| 022 | |a1209-1162 |
| 040 | |aCaOODSP|beng |
| 041 | |aeng |
| 041 | |afre |
| 043 | |an-cn--- |
| 086 | 1 |aCS50-002-PDF |
| 245 | 00|aSurface and marine transport |h[electronic resource] |
| 260 | |aOttawa - Ontario : |bStatistics Canada |
| 310 | |aIrregular |
| 362 | 1 |aVol. 12, no. 5 - Vol. 20, no. 3 |
| 520 | 3 |aPresents timely data, time series analysis, and special tabulations covering trucking, rail, bus, urban transit, and marine transportation. Topics include summary information from the quarterly and annual For-hire Trucking surveys (commodity origin/destination), the Quarterly and Annual Motor Carrier Freight and Household Goods Movers Survey, marine commodity movements, port activities, marine financial and other related subjects. |
| 710 | 2 |aStatistics Canada. |
| 776 | 0#|tTransports terrestre et maritime |w(CaOODSP)9.509109 |
| 780 | 00|tSurface and marine transport |w(CaOODSP)9.815985 |
| 785 | 00|tSurface and marine transport |w(CaOODSP)9.504811 |
| 792 | |tTransport terrestre et maritime |efre|w(CaOODSP)9.500116 |